Statistics for Country Music Lyrics by Title

Click here to take the quiz!

General Stats

  • This quiz has been taken 41 times
  • The average score is 3 of 15

Answer Stats

HintAnswer% Correct
"God is great, beer is good, and ______ ___ _____"people are crazy
92%
"I'm a little more _______ than that"country
68%
"____ when life was simple as that"Back
27%
"The _______ _____ ____ if you're coming home, but I do"highway don't care
27%
"________, I'm gonna leave here"Tomorrow
24%
"I want to make you feel ______"wanted
22%
"_ ___ _____ ____ _ ___, orders a drink"A guy walks into a bar
19%
"Could I make you want to ____?"stay
19%
"they don't see what I see when I see __ ____"my girl
16%
"Yeah, I'm callin' ____"dibs
8%
"Baby, __ _"do I
8%
"The summer of __ ___ _ __"19 You + Me
5%
"I just ____ ___ ___"need you now
5%
"When I die, I don't want to go _____"sober
5%
"I want ________ _____ ___"whatever she's got
3%

Score Distribution

Percentile by Number Answered

Percent of People with Each Score

Your Score History

You have not taken this quiz